The Qur`an (Record no. 8098)
[ view plain ]
| 000 -LEADER | |
|---|---|
| fixed length control field | 00231nam a22000977a 4500 |
| 008 - FIXED-LENGTH DATA ELEMENTS--GENERAL INFORMATION | |
| fixed length control field | 190708b ||||| |||| 00| 0 eng d |
| 245 ## - TITLE STATEMENT | |
| Title | The Qur`an |
| 260 ## - PUBLICATION, DISTRIBUTION, ETC. | |
| Name of publisher, distributor, etc. | Almuntada alislam, |
| Date of publication, distribution, etc. | 2009. |
| 300 ## - PHYSICAL DESCRIPTION | |
| Extent | vii, 694 p. |
| Dimensions | 14 cm. |
| 942 ## - Added entry Elements (Koha) | |
| Source of classification or shelving scheme | Dewey Decimal Classification |
| Withdrawn status | Lost status | Source of classification or shelving scheme | Damaged status | Not for loan | Collection code | Home library | Current library | Shelving location | Date acquired | Serial Enumeration / chronology | Total Checkouts | Total Renewals | Full call number | Barcode | Date last seen | Date last checked out | Price effective from | Koha item type |
|---|---|---|---|---|---|---|---|---|---|---|---|---|---|---|---|---|---|---|
| Dewey Decimal Classification | Main TEST | RTC Library | RTC Library | Main opac | 08/07/2019 | 14020 | 5 | 2 | 297 SAH | 30013830 | 15/05/2023 | 02/05/2023 | 08/07/2019 | Main |